Počtovnica pre ľudové školy Diel I

Podrobná bibliografia
Hlavný autor: Vavroušek, Bohumil, 1875-1939 (Autor)
Médium: Kniha
Jazyk:slovenčina
Fyzický popis:46 s. ilustr. 23 cm
Vydavateľské údaje: Praha Slovenské odd. Ministerstva školstva a národnej osvety 1919
Predmet:

MARC

LEADER 00000cam a2200000 a 4500
001 vtls008378757
003 SK-MaSNL
005 20260302085915.0
008 181102s1919 xr a frp 000 0 slo
015 |a SNBA19191938-013838 
020 |q (brož.) 
035 |a SK01SNKBSKHR20020070974 
035 |a SKM000073437 
040 |a SNK  |b slo  |c SNK  |e AACR2 
041 0 |a slo 
044 |a xr  |c CZ 
072 7 |a 51  |x Matematika  |2 konspekt 
080 |a 51  |2 2011 
080 |a (075.2)  |2 2011 
100 1 |a Vavroušek, Bohumil,  |d 1875-1939  |4 aut  |9 243706 
245 1 0 |a Počtovnica pre ľudové školy  |n Diel I  |c podľa českej Matolínovej sostavil Bohumil Vavroušek 
260 |a Praha  |b Slovenské odd. Ministerstva školstva a národnej osvety  |c 1919  |e Praha  |f Kníhtlačiareň štátneho knihoskladu 
300 |a 46 s.  |b ilustr.  |c 23 cm 
650 0 7 |a matematika  |2 SNKPH  |9 70174 
655 7 |a učebnice základných škôl  |2 SNKPH  |9 70187 
852 |a Slovenská národná knižnica 
954 |a odborná, vedecká literatúra pôvodná (slovenská)  |2 lita 
954 |a odborná, vedecká literatúra cudzojazyčná (svetová)  |2 lita 
958 |a ONDV 
958 |a TL 
999 |c 1194366  |d 1196296 
952 |a SNK  |b SNK  |y PREZ  |7 0  |p 17A0714573  |o snkSC 346/1  |i snk314/28  |0 0  |1 0  |4 0  |d 2024-02-05  |f 1  |l 0  |r 2025-05-27 00:00:00  |w 2026-02-24 
952 |a SNK  |b SNK  |y VYP  |7 0  |p 17A0761263  |o snkSC 346/1 D1  |i snkKSF 811/56  |8 5  |0 0  |1 0  |4 0  |d 2011-12-09  |l 0  |r 2026-02-24 22:22:16  |w 2026-02-24 
952 |a SNK  |b SNK  |y VYP  |7 0  |p 17A0761287  |o snkSC 346/1 D2  |i snkK 3147/69  |8 3  |0 0  |1 0  |4 0  |d 2011-12-09  |l 0  |r 2026-02-24 22:22:16  |w 2026-02-24 
952 |a SNK  |b SNK  |y VYP  |7 0  |p 17A0761265  |o snkSC 346/1 D3  |i snkD 556/83  |8 1  |0 0  |1 0  |4 0  |d 2011-12-09  |l 0  |r 2026-02-24 22:22:16  |w 2026-02-24